Normal view
MARC view
- Antonio Nucci, Konstantina Papagiannaki
Entry Personal Name
001 - CONTROL NUMBER
- control field: 134171
003 - CONTROL NUMBER IDENTIFIER
- control field: NUST
005 - DATE AND TIME OF LATEST TRANSACTION
- control field: 20260416121431.0
008 - FIXED-LENGTH DATA ELEMENTS
- fixed length control field: 260416|| aca||aabn | a|a d
040 ## - CATALOGING SOURCE
- Original cataloging agency: NUST
- Transcribing agency: NUST
100 ## - HEADING--PERSONAL NAME
- Personal name: Antonio Nucci, Konstantina Papagiannaki
670 ## - SOURCE DATA FOUND
- Source citation: Work cat.: (NUST): Antonio Nucci, Konstantina Papagiannaki., Design, Measurement and Management of Large-Scale IP Networks: Bridging the Gap Between Theory and Practice /, 2008.
